| 000 | 00607nam a2200205 i 4500 | ||
|---|---|---|---|
| 001 | 130498 | ||
| 003 | ES-MaACL | ||
| 005 | 20250831023857.0 | ||
| 007 | t| | ||
| 008 | 070730s1964 sp ||||1| spa d | ||
| 100 | 1 |
_aZapico, Mariano. _9118018 |
|
| 245 | 1 | 0 |
_aIglesia y Estado ante el problema de la enseñanza / _cMarcelino Zapico. |
| 260 |
_aVillava : _bOpe, _c[1964] |
||
| 300 |
_a242 p. ; _c19 cm. |
||
| 490 | 1 |
_aColección Ope ; _v7 |
|
| 650 | 1 | 7 |
_aIglesia y Estado _2embne _913554 |
| 830 | 0 |
_aColección Ope ; _v7 _9219462 |
|
| 852 |
_aES-MaACL _jC-26458 _bR.55531 |
||
| 999 |
_c130498 _d130498 |
||